Consumption Tax Trends 2018 VAT/GST and Excise Rates, Trends and Policy Issues
Guardado en:
| Formato: | Libro |
|---|---|
| Lenguaje: | inglés |
| Publicado: |
Paris
OECD
2018
|
| Colección: | Consumption Tax Trends
|
| Materias: | |
| Etiquetas: |
Sin Etiquetas, Sea el primero en etiquetar este registro!
|
MARC
| LEADER | 00000nam a2200000 4500 | ||
|---|---|---|---|
| 001 | 0257584 | ||
| 005 | 20221220065510.5 | ||
| 020 | |a 978-92-64-30902-9 | ||
| 020 | |a 978-92-64-30903-6 | ||
| 041 | 0 | |a eng | |
| 044 | |a FR | ||
| 245 | 1 | 0 | |a Consumption Tax Trends 2018 |b VAT/GST and Excise Rates, Trends and Policy Issues |
| 264 | 1 | |a Paris |b OECD |c 2018 | |
| 300 | |a 202 s. | ||
| 490 | 1 | |a Consumption Tax Trends | |
| 830 | 0 | |a Consumption Tax Trends | |
| 610 | 2 | 0 | |a dane spotrebné |
| 610 | 2 | 0 | |a spotreba |
| 610 | 2 | 0 | |a dane z hodnoty pridanej |
| 610 | 2 | 0 | |a dane z vozidiel motorových |
| 610 | 2 | 0 | |a porovnanie štatistické medzinárodné |